|
|
|
|
| LEADER |
00000cam a22000002cc4500 |
| 001 |
1522019618 |
| 003 |
DE-627 |
| 005 |
20240712204844.0 |
| 007 |
tu |
| 008 |
151116s1991 xx ||||| 00| ||fre c |
| 035 |
|
|
|a (DE-627)1522019618
|
| 035 |
|
|
|a (DE-576)452019613
|
| 035 |
|
|
|a (DE-599)BSZ452019613
|
| 040 |
|
|
|a DE-627
|b ger
|c DE-627
|e rakwb
|
| 041 |
|
|
|a fre
|
| 245 |
0 |
0 |
|a Annales internationales de criminologie
|n 29,1/2
|
| 264 |
|
1 |
|a Paris
|b Societé int.de criminologie
|c 1991
|
| 300 |
|
|
|a 128 S.
|
| 336 |
|
|
|a Text
|b txt
|2 rdacontent
|
| 337 |
|
|
|a ohne Hilfsmittel zu benutzen
|b n
|2 rdamedia
|
| 338 |
|
|
|a Band
|b nc
|2 rdacarrier
|
| 583 |
1 |
|
|a Archivierung prüfen
|c 20200919
|f DE-640
|z 1
|2 pdager
|
| 773 |
1 |
8 |
|g 29,1/2
|q 29,1/2
|7 nnas
|
| 951 |
|
|
|a MV
|
| ELC |
|
|
|b 1
|
| LOK |
|
|
|0 000 xxxxxcx a22 zn 4500
|
| LOK |
|
|
|0 001 2873339004
|
| LOK |
|
|
|0 003 DE-627
|
| LOK |
|
|
|0 004 1522019618
|
| LOK |
|
|
|0 005 20250205102245
|
| LOK |
|
|
|0 008 150728||||||||||||||||ger|||||||
|
| LOK |
|
|
|0 035
|a (DE-21-110)kd12468
|
| LOK |
|
|
|0 040
|a DE-21-110
|c DE-627
|d DE-21-110
|
| LOK |
|
|
|0 689
|a s
|a Generalprävention
|
| LOK |
|
|
|0 689
|a s
|a Kriminalpolitik
|
| LOK |
|
|
|0 689
|a s
|a Viktimologie
|
| LOK |
|
|
|0 852
|a DE-21-110
|
| LOK |
|
|
|0 852 1
|c S XXX 29,1/2
|m p
|9 00
|
| LOK |
|
|
|0 935
|a k110
|
| LOK |
|
|
|0 938
|k p
|
| LOK |
|
|
|0 939
|a 28-07-15
|b l01
|
| ORI |
|
|
|a SA-MARC-krimdoka001.raw
|
| SIG |
|
|
|a IFK: S XXX 29,1/2
|